Князь Игорь (Запись № 4863279)

Подробности
000 -МАРКЕР
контрольное поле 01485nam0a22002891 4500
001 - ИДЕНТИФИКАТОР ЗАПИСИ
контрольное поле v19\rc\2055317
005 - ИДЕНТИФИКАТОР ВЕРСИИ
контрольное поле 20260409080649.0
035 ## - ДРУГИЕ СИСТЕМНЫЕ НОМЕРА
Идентификатор записи (NLR Aleph) 005147046
100 ## - ДАННЫЕ ОБЩЕЙ ОБРАБОТКИ
Данные общей обработки 20081111d1908 |||y0rusy50 ca
101 0# - ЯЗЫК РЕСУРСА
Язык текста, звукозаписи и т.д. русский
102 ## - СТРАНА ПУБЛИКАЦИИ ИЛИ ПРОИЗВОДСТВА
Страна публикации Российская Федерация
105 ## - ПОЛЕ КОДИРОВАННЫХ ДАННЫХ: ТЕКСТОВЫЕ МАТЕРИАЛЫ, МОНОГРАФИЧЕСКИЕ
Кодированные данные о монографическом текстовом документе y z |||||
200 1# - ЗАГЛАВИЕ И СВЕДЕНИЯ ОБ ОТВЕТСТВЕННОСТИ
Основное заглавие Князь Игорь
Сведения, относящиеся к заглавию Опера в 4 д. с прологом
-- [Краткое] либретто по "Слову о полку Игореве"
Первые сведения об ответственности Музыка А.П. Бородина
Последующие сведения об ответственности Окончена по смерти автора Римским-Корсаковым и Глазуновым
210 ## - ПУБЛИКАЦИЯ, РАСПРОСТРАНЕНИЕ И ДР.
Место издания, распространения и т.д. [Киев]
Имя издателя, распространителя и т. д. С.М. Богуславский
Дата издания, распространения и т.д. [1908]
215 ## - ФИЗИЧЕСКАЯ ХАРАКТЕРИСТИКА
Специфическое обозначение материала и объем 14 с.
500 ## - УНИФИЦИРОВАННОЕ ЗАГЛАВИЕ
-- rus
Унифицированное заглавие Слово о полку Игореве
Графика поля Кириллица
Идентификатор авторитетной / нормативной записи RU\NLR\AUTH\559005
Системный номер авторитетной/нормативной записи 2631093
702 #1 - ИМЯ ЛИЦА - ВТОРИЧНАЯ ОТВЕТСТВЕННОСТЬ
Код отношения Композитор
Материалы, к которым относится поле rus
Графика поля Кириллица
Начальный элемент ввода Бородин
Часть имени, кроме начального элемента ввода А. П.
Даты 1833-1887
Расширение инициалов личного имени Александр Порфирьевич
Идентификатор авторитетной/нормативной записи RU\NLR\AUTH\7716261
Системный номер авторитетной/нормативной записи 125901
702 #1 - ИМЯ ЛИЦА - ВТОРИЧНАЯ ОТВЕТСТВЕННОСТЬ
Код отношения Композитор
Материалы, к которым относится поле rus
Графика поля Кириллица
Начальный элемент ввода Римский-Корсаков
Часть имени, кроме начального элемента ввода Н. А.
Дополнения к именам, кроме дат композитор
Даты 1844-1908
Расширение инициалов личного имени Николай Андреевич
Идентификатор авторитетной/нормативной записи RU\NLR\AUTH\7716260
Системный номер авторитетной/нормативной записи 125900
702 #1 - ИМЯ ЛИЦА - ВТОРИЧНАЯ ОТВЕТСТВЕННОСТЬ
Код отношения Композитор
Материалы, к которым относится поле rus
Графика поля Кириллица
Начальный элемент ввода Глазунов
Часть имени, кроме начального элемента ввода А. К.
Даты 1865-1936
Расширение инициалов личного имени Александр Константинович
Идентификатор авторитетной/нормативной записи RU\NLR\AUTH\7770902
Системный номер авторитетной/нормативной записи 53830
790 #1 - ИМЯ ЛИЦА - АЛЬТЕРНАТИВНАЯ ФОРМА
Связь между полями z01702
Начальный элемент ввода Корсаков
Часть имени, кроме начального элемента ввода Н.А.
Расширение инициалов личного имени Николай Андреевич
801 #0 - ИСТОЧНИК ЗАПИСИ
Страна Российская Федерация
Организация NLR
Правила каталогизации psbo
801 #1 - ИСТОЧНИК ЗАПИСИ
Страна Российская Федерация
Организация ProSoft-M
Источник данных rusmarc
801 #2 - ИСТОЧНИК ЗАПИСИ
Страна Российская Федерация
Организация NLR
Дата составления 20121227
Источник данных rusmarc
852 ## - МЕСТОНАХОЖДЕНИЕ И ШИФР ХРАНЕНИЯ
Идентификатор организации NLR
Шифр хранения (Call Number) 34.85.4.424
942 ## - ДОПОЛНИТЕЛЬНЫЕ ЭЛЕМЕНТЫ ЗАПИСИ (АБИС)
Тип экземпляра АБИС Книга
980 ## - КОЛЛЕКЦИЯ
Название коллекции Национальная библиография
Экземпляры
Тип экземпляра Дата поступления Библиотека постоянного хранения Библиотека текущего хранения Место хранения Шифр хранения Штрих-код Статус экземпляра
Книга 26.10.2013 РНБ (Садовая) РНБ (Садовая) Русский книжный фонд -Главное здание, Ленинский читальный зал 34.85.4.424 5147046-10